000
00369nam a2200157Ia 4500
008
100122s9999 xx 000 0 und d
082
_b
76944
_a
821
100
_a
महाजन कृष्णनाथ
245
_a
पालखी
250
_a
1
260
_c
2008
300
_a
88
630
_a
पालखी
730
_a
पालखी
942
_c
BOOK
999
_c
393847
_d
393844